| 000 | 00994nam a22002537a 4500 | ||
|---|---|---|---|
| 005 | 20170123162349.0 | ||
| 010 | _aB-283979 | ||
| 020 |
_c250.00 _a9788190562409 |
||
| 035 | _aB-283979 | ||
| 037 | _bCen Lib/Ret | ||
| 040 |
_aDPL _bUR |
||
| 082 |
_a841.08 _bق ا س |
||
| 100 |
_aقاسمی، ابو الکلام _9113765 |
||
| 245 |
_aشاعرى كى تنقيد / _cابو الکلام قاسمی |
||
| 246 |
_aShairi ki tanqeed / _bby Abul kalam Qasmi |
||
| 260 |
_aدہلی _bایجوکیشنل پبلشنگ ہاؤس _c2008 |
||
| 270 |
_bدہلی _a٣١٠٨، گلی عزیزددیں وکیل کوچہ پنڈت لال کوان _e110006 |
||
| 300 |
_a328p. _c21cm(Hb) |
||
| 650 |
_aادب -- اردو _9140662 |
||
| 650 |
_a اردو شاعری - 20th صدی - تاریخ اور تنقید. _9109045 |
||
| 650 |
_aLiterature -- Urdu _9140663 |
||
| 650 |
_aUrdu poetry -- 20th century -- History and criticism. _9109047 |
||
| 942 |
_2ddc _cUR _h841.08 _mق ا س |
||
| 999 |
_c109121 _d109121 |
||